000 00651nam a2200253 a 4500
001 nice12345678
003 IN_TiNIC
005 20260116013240.0
008 050524s1992 dela grp 000 0 eng
020 _a8121061
_c320
082 0 0 _a307.70954
_bCHA
100 _aChaudhury, Buddhadeb
245 _aReligion, Rituals and Festivals
260 _aDelhi
_bInter-India Publications
_c1992
300 _a262p
500 _aincludes index and biblioraphy
505 2 _aIndex
650 _aIndia-Tribes-Festivals
650 _aFestivals-Indian
700 1 _aChaudhury, Buddhadeb
902 _bSRS
942 _cBK
999 _c10254
_d10254